Normal view
MARC view
Entry Personal Name
001 - CONTROL NUMBER
- control field: 1196
003 - CONTROL NUMBER IDENTIFIER
- control field: dpl
005 - DATE AND TIME OF LATEST TRANSACTION
- control field: 20100724120818.0
008 - FIXED-LENGTH DATA ELEMENTS
- fixed length control field: 100724|||a|||||| | ||| d
040 ## - CATALOGING SOURCE
- Original cataloging agency: dpl
- Transcribing agency: dpl
100 ## - HEADING--PERSONAL NAME
- Personal name: Thesis, Louis Jacolliot's
670 ## - SOURCE DATA FOUND
- Source citation: Work cat.: (dpl): Thesis, Louis Jacolliot's, Revisiting the roots of judeo-christianity /, N.D.
670 ## - SOURCE DATA FOUND
- Source citation: Work cat.: (dpl): Thesis, Louis Jacolliot's, Revisiting the roots of judeo-christianity /, N.D.
